Governance, risk, and compliance handbook : technology, finance, environmental, and international guidance and best practices

Αποθηκεύτηκε σε:
Λεπτομέρειες βιβλιογραφικής εγγραφής
Άλλοι συγγραφείς: Tarantino, Anthony 1949-
Μορφή: Βιβλίο
Γλώσσα:English
Δημοσίευση: Hoboken, N.J. : John Wiley & Sons, c2008
Θέματα:
Ετικέτες: Προσθήκη ετικέτας
Δεν υπάρχουν, Καταχωρήστε ετικέτα πρώτοι!

MARC

LEADER 00000nam a2200000 i 4500
001 1/98014
008 081124s2008 eng d
020 |a 978-0-470-09589-8 
035 |l 10101932 
040 |a GR-MY-UA  |b gre  |e aacr 
041 0 |a eng 
082 0 |a 658.151  |2 (22) 
245 1 0 |a Governance, risk, and compliance handbook :  |b technology, finance, environmental, and international guidance and best practices /  |c edited by Anthony Tarantino 
260 |a Hoboken, N.J. :   |b John Wiley & Sons,   |c c2008 
300 |a liii, 972 σ.;  |b εικ.;  |c 26 εκ. 
504 |a Περιλαμβάνει βιβλιογραφικές παραπομπές και ευρετήριο 
650 0 0 |a Corporate governance. 
650 0 0 |a Compliance auditing. 
650 0 0 |a Risk management. 
700 1 |a Tarantino, Anthony  |d 1949- 
852 |a INST  |b CHIOS  |e 20081124  |h 658.151 GOV  |p 005200030779  |q 005200030779  |t BK  |y 0 
901 |a BIBL2-2008-3 
909 |a Χ  |b 153765 
922 |a 2ΕΛΗ  |b 200809  |c ΕΠΕΑΕΚ2/ΤΔΕ  |d Ι. ΜΙΧΑΛΟΠΟΥΛΟΣ 
970 |a ΒΑΡΦΗΣ  |b ΒΑΓΓΕΛΗΣ  |z 2008/11/24